| 000 | 00376nam a22001337a 4500 | ||
|---|---|---|---|
| 008 | 140212b xxu||||| |||| 00| 0 eng d | ||
| 050 | _aBT75.2.C974 | ||
| 100 |
_aCupitt, Don _98629 |
||
| 245 |
_aDon Cupitt _bThe Time Being / _cDon Cupitt |
||
| 260 |
_aLondon _bSCM Press _c1992 |
||
| 300 | _a195p.; 22cm. | ||
| 650 |
_aTheology, Doctrine _98630 |
||
| 942 |
_2lcc _cMONOGRAPH |
||
| 999 |
_c120048 _d120048 |
||